000 00632nam a2200205Ia 4500
003 OSt
005 20251010141550.0
008 220926b |||||||| |||| 00| 0 eng d
037 _cReference
040 _aRTL
_cRTL
_beng
041 _2eng
_aeng
084 _aV2,3:3, M8/SC
_qRTL
100 _aHardwari, Lal.
_9373897
245 0 _aMyth and law parliamentary privileges
260 _aDelhi
_bHardwari Lal
_c1988
300 _aviii,255 p.
_ccm.
_bIncludes bibliographical references and index.
500 _aAppendix :230-249p.
942 _hV2,3:3, M8/SC
_cREF
_2CC
_n0
999 _c693599
_d693599